Welcome to the Holygrace Academy Library

Please use search bar below to get started

HOLISTIC HEALTH (Record no. 1062)

MARC details
000 -LEADER
fixed length control field 00273nam a22001217a 4500
082 ## - DEWEY DECIMAL CLASSIFICATION NUMBER
Classification number 894.812
Item number CHA/H
100 ## - MAIN ENTRY--AUTHOR NAME
Personal name T.M.CHANDRAHASAN
245 ## - TITLE STATEMENT
Title HOLISTIC HEALTH
260 ## - PUBLICATION, DISTRIBUTION, ETC. (IMPRINT)
Place of publication KODUNGALLORE
Name of publisher HOLISTIC HEALTH FOUNDATION
Year of publication 2011
300 ## - PHYSICAL DESCRIPTION
Number of Pages 91
650 ## - SUBJECT ADDED ENTRY--TOPICAL TERM
Geographic subdivision KERALA
942 ## - ADDED ENTRY ELEMENTS (KOHA)
Koha item type Books
Holdings
Withdrawn status Lost status Collection code Home library Current library Shelving location Date acquired Source of acquisition Cost, normal purchase price Full call number Accession Number Koha item type
    Reference Main Library Main Library SHELF -6A - MALAYALAM GRAMMAR,ESSAYS,GENERAL 11/05/2015 purchase 30.00 894.812 CHA/H 04136 Books